Compare notes (Record no. 76118)

MARC details
000 -LEADER
fixed length control field 00930cab a2200193 4500
001 - CONTROL NUMBER
control field ##L131490
008 - FIXED-LENGTH DATA ELEMENTS--GENERAL INFORMATION
fixed length control field 051107n2005 000 0 eng u
035 ## - SYSTEM CONTROL NUMBER
System control number (Sirsi) u131490
041 0# - LANGUAGE CODE
Language code of text/sound track or separate title eng
100 1# - MAIN ENTRY--PERSONAL NAME
Personal name French, Nick
245 00 - TITLE STATEMENT
Title Compare notes
260 3# - PUBLICATION, DISTRIBUTION, ETC.
Date of publication, distribution, etc. 2005
490 #0 - SERIES STATEMENT
Series statement Estates Gazette
Volume/sequential designation (543) 29 October 2005, 184-185(2)
520 ## - SUMMARY, ETC.
Summary, etc. Concludes his "Mainly for students " article on valuation (see also L131339) with a discussion of good comparable evidence and why it matters. Considers the purpose of valuation which is the process of determining market value, estimating the price of exchange in the market place. Looks at the valuation report, listing the minimum contents as proscribed by Practice Statement PS 5.1 of the Red Book. Provides further reading.
590 ## - LOCAL NOTE (RLIN)
Local note IKA081105
650 24 - SUBJECT ADDED ENTRY--TOPICAL TERM
Topical term or geographic name entry element RICS appraisal and valuation standards
690 ## - LOCAL SUBJECT ADDED ENTRY--TOPICAL TERM (OCLC, RLIN)
Topical term or geographic name as entry element PROPERTY-PROPERTY VALUATION AND APPRAISAL
942 ## - ADDED ENTRY ELEMENTS (KOHA)
Suppress in OPAC 0
Holdings
Withdrawn status Lost status Source of classification or shelving scheme Damaged status Not for loan Home library Current library Shelving location Date acquired Total Checkouts Full call number Barcode Date last seen Copy number Price effective from Koha item type
    Dewey Decimal Classification     London London Journal article 07/11/2005   L131490 131490-1001 06/08/2019 1 06/08/2019 Journal article